| 000 | 00380nam a22001451a 4500 | ||
|---|---|---|---|
| 082 |
_aH301 007 _bVIJ/S |
||
| 100 | _aVijaya Varadh | ||
| 245 |
_aSatothari hindi kahani aur mahila lekhikayem/ _cby Vijaya Varadh |
||
| 260 |
_aNew Delhi: _bVikas, _c1993. |
||
| 300 | _a214p. | ||
| 650 | _aStories Hindi Criticism | ||
| 650 | _aLiterature Hindi | ||
| 650 | _aLiterature | ||
| 942 | _cBK | ||
| 999 |
_c40836 _d40836 |
||